|
|
|
|
| LEADER |
00979nam a2200217 a 4500 |
| 001 |
9310388 |
| 008 |
090804s1951 enk b 001 0 eng d |
| 010 |
|
|
|a a\\52004380
|
| 040 |
|
|
|a Yale Univ. Library
|c DGU
|d DGU
|d DGW
|d ICIU
|d DLC
|d BD-DhAAL
|
| 082 |
|
|
|a 822.33
|
| 100 |
1 |
|
|a Bradbrook, M. C.
|q (Muriel Clara),
|d 1909-
|
| 245 |
1 |
0 |
|a Shakespeare and Elizabethan poetry :
|b a study of his earlier work in relation to the poetry of the time /
|c M. C. Bradbrook.
|
| 260 |
|
|
|a London :
|b Chatto and Windus,
|c 1951.
|
| 300 |
|
|
|a 254 p. ;
|c 21 cm.
|
| 504 |
|
|
|a "Notes" (bibliographical): p. 214-247.
|
| 541 |
1 |
|
|e 00009288
|
| 600 |
1 |
0 |
|a Shakespeare, William,
|d 1564-1616
|x Criticism and interpretation.
|
| 650 |
|
0 |
|a English poetry
|y Early modern, 1500-1700
|x History and criticism.
|
| 852 |
4 |
|
|a Ayesha Abed Library
|j General shelf
|
| 999 |
|
|
|c 10438
|d 10438
|
| 952 |
|
|
|0 0
|1 0
|2 ddc
|4 1
|6 822_330000000000000_BRA
|7 0
|9 14356
|a BRACUL
|b BRACUL
|c SPS
|d 2011-02-12
|l 0
|o 822.33 BRA
|p 3010009288
|r 2011-02-12
|t 1
|w 2011-02-12
|y BK
|